Rywale reprezentacji Polski 1930 - Statystyki

Ogólne statystyki
  • Ten quiz został rozwiązany 12 razy
  • Średni wynik to 3 z 5
Statystyki odpowiedzi
RM WM ZM PM BZ BS RB Reprezentacja % Poprawnych
1 0 0 1 1 3 -2 Węgry
100%
1 0 0 1 1 2 -1 Czechosłowacja
91%
1 1 0 0 3 1 2 Austria
64%
1 1 0 0 3 0 3 Szwecja
45%
1 1 0 0 6 0 6 Łotwa
27%
Nie znaleziono quizów pasujących do podanych kryteriów
Rozkład punktacji
Procent ludzi z każdym wynikiem
Percentyl według liczby udzielonych odpowiedzi
Twoja historia wyników
Nie rozwiązałeś tego quizu